The noble scholar, jurist, historian


 His Excellency Dr. Abdul Wahhab bin Ibrahim Abu Sulaiman, may Allah have mercy on him.


 He was born in Umm Al-Qura in the year 1356 AH.

الترويح في المجتمع السعودي في عهد الملك عبد العزيز / (Record no. 13151)

MARC details
000 -LEADER
fixed length control field 01322cam a2200289 i 4500
003 - CONTROL NUMBER IDENTIFIER
control field SA-RiAUC
005 - DATE AND TIME OF LATEST TRANSACTION
control field 20251110091656.0
008 - FIXED-LENGTH DATA ELEMENTS--GENERAL INFORMATION
fixed length control field 251007s2008 su a g b f000 0dara c
020 ## - INTERNATIONAL STANDARD BOOK NUMBER
International Standard Book Number 9960990532
040 ## - CATALOGING SOURCE
Original cataloging agency SA-JeALM
Language of cataloging ara
Transcribing agency SA-RiAUC
Description conventions rda
043 ## - GEOGRAPHIC AREA CODE
Geographic area code a-su---
050 #4 - LIBRARY OF CONGRESS CALL NUMBER
Item number 2008 S23
082 04 - DEWEY DECIMAL CLASSIFICATION NUMBER
Classification number 306.48109531
Assigning agency SA-RiAUC
090 ## - LOCALLY ASSIGNED LC-TYPE CALL NUMBER (OCLC); LOCAL CALL NUMBER (RLIN)
Classification number (OCLC) (R) ; Classification number, CALL (RLIN) (NR) 306.48109531
Local cutter number (OCLC) ; Book number/undivided call number, CALL (RLIN) س د ح
100 1# - MAIN ENTRY--PERSONAL NAME
Personal name السدحان، عبد الله بن ناصر بن عبد الله،
Dates associated with a name 1381 هجري-
Relator term مؤلف.
245 12 - TITLE STATEMENT
Title الترويح في المجتمع السعودي في عهد الملك عبد العزيز /
Statement of responsibility, etc. تأليف عبد الله بن ناصر السدحان.
264 #1 - PRODUCTION, PUBLICATION, DISTRIBUTION, MANUFACTURE, AND COPYRIGHT NOTICE
Place of production, publication, distribution, manufacture الرياض :
Name of producer, publisher, distributor, manufacturer دارة الملك عبد العزيز،
Date of production, publication, distribution, manufacture, or copyright notice 2008
300 ## - PHYSICAL DESCRIPTION
Extent 151 صفحة :
Dimensions 22 سم.
336 ## - CONTENT TYPE
Content type term نص
Content type code txt
Source rdacontent
Materials specified كتاب
337 ## - MEDIA TYPE
Media type term بدون وسيط
Media type code n
Source rdamedia
490 0# - SERIES STATEMENT
Series statement كتاب الدارة ؛
Volume/sequential designation 14
504 ## - BIBLIOGRAPHY, ETC. NOTE
Bibliography, etc. note يشتمل على إرجاعات ببليوجرافية.
650 #7 - SUBJECT ADDED ENTRY--TOPICAL TERM
Topical term or geographic name entry element الترفيه
Geographic subdivision السعودية
Chronological subdivision عبد العزيز بن عبد الرحمن، 1319-1373 هجري
Source of heading or term aucsh
651 #7 - SUBJECT ADDED ENTRY--GEOGRAPHIC NAME
Geographic name السعودية
General subdivision أحوال اجتماعية
Chronological subdivision عبد العزيز بن عبد الرحمن، 1319-1373 هجري
Source of heading or term aucsh
942 ## - ADDED ENTRY ELEMENTS (KOHA)
Source of classification or shelving scheme Dewey Decimal Classification
Koha item type Books
Suppress in OPAC No
949 ## - LOCAL PROCESSING INFORMATION (OCLC)
a SA-JeALM
d 251007
u osman123
n 1
Holdings
Withdrawn status Lost status Source of classification or shelving scheme Damaged status Not for loan Home library Current library Date acquired Total checkouts Full call number Barcode Date last seen Price effective from Koha item type
    Dewey Decimal Classification     DR AbdElwahab Library DR AbdElwahab Library 11/10/2025   306.48109531 س د ح 000020995 11/10/2025 11/10/2025 Books